000 00454nam a2200157Ia 4500
003 IN-BaIIA
008 211028s9999 xx 000 0 eng d
040 _cIIA Library
080 _a519.68
_bFLO
100 _aFlores, Ivan
_94206
245 0 _aComputer programming
_cFlores, Ivan
260 _aEnglewood Cliffs
_bPrentice-Hall
_c1966
300 _axii, 395p.
650 _aComputer programming
942 _cBK
999 _c2742
_d2742